Statistics for Random Words in Capital Names #8

Click here to take the quiz!

General Stats

  • This quiz has been taken 102 times
    (61 since last reset)
  • The average score is 13 of 18

Answer Stats

WordCapital% Correct
QuitQuito
96%
PestBudapest
92%
RidgeBridgetown
86%
LavaBratislava
84%
ScatMuscat
84%
PanPanama City
80%
AddAddis Ababa
78%
SlamIslamabad
73%
MapMaputo
73%
DishMogadishu
73%
PanBelmopan
69%
BatRabat
69%
OpenCopenhagen
67%
AssBasseterre
55%
BatAshgabat
47%
BegBandar Seri Begawan
47%
OneGaborone
47%
AssNassau
45%

Score Distribution

Percentile by Number Answered

Percent of People with Each Score

Your Score History

You have not taken this quiz since the last reset